| 000 | 00831nam a2200277 a 4500 | ||
|---|---|---|---|
| 001 | BRL_73 | ||
| 005 | 20190320210557.0 | ||
| 008 | 810918s1951 mx-a######---#000-0#spa-# | ||
| 040 |
_aDLC _cCCC _dDLC |
||
| 041 | _aspa | ||
| 044 | _amx | ||
| 050 | 4 |
_aN6553 _b.E53 12 1951 |
|
| 100 | 1 |
_aCortés Juárez, Erasto _922833 |
|
| 245 | 1 | 0 |
_aEl grabado contemporáneo _b(1922-1950) _cErasto Cortés Juárez. |
| 260 |
_aMéxico _bEdiciones Mexicanas _c1951 |
||
| 300 |
_a79 p. _bil. _c24 cm. |
||
| 440 | 0 |
_aEnciclopedia mexicana de arte _v12 _922834 |
|
| 500 | _aCon ilustraciones al final, 56 p. | ||
| 500 | _aAu142 | ||
| 504 | _aIncluye referencias bibliográficas | ||
| 650 | 1 | 4 |
_aArte _zMéxico _922835 |
| 650 | 1 | 4 |
_aGrabado contemporáneo _zMéxico _922836 |
| 650 | 1 | 4 |
_aGrabadores mexicanos _97389 |
| 902 | _aGRL | ||
| 942 |
_2lcc _cB |
||
| 999 |
_c8886 _d8886 |
||